Report of president don Juan Rafael Mora on the Battle of Rivas of april 11, 1856 /
Traducción al inglés del informe que elaboró el presidente Juan Rafael Mora en torno a la Batalla de Rivas, acaecida en Nicaragua, el 11 de abril de 1856. Dicha batalla fue decisiva en la Campaña Nacional 1856-1857 contra los invasores norteamericanos (filubusteros), que pretendían anexar Centroamér...
Guardat en:
| Autor principal: | |
|---|---|
| Altres autors: | |
| Format: | Desconegut |
| Idioma: | English |
| Publicat: |
Nueva York:
Grove Weidenfeld;
1989
|
| Matèries: | |
| Etiquetes: |
Afegir etiqueta
Sense etiquetes, Sigues el primer a etiquetar aquest registre!
|
MARC
| LEADER | 00000 a2200000 04500 | ||
|---|---|---|---|
| 001 | 1800 | ||
| 003 | cru IIS | ||
| 005 | 20210903093603.0 | ||
| 008 | 991231s1989 nyu eng d | ||
| 020 | |a 0-8021-1081-9 | ||
| 040 | |a Centro de Recursos para el Aprendizaje y la Investigación |c cru IIS | ||
| 090 | |a 04.03.01 E22c | ||
| 100 | |a Edelman, Marc | ||
| 245 | |a Report of president don Juan Rafael Mora on the Battle of Rivas of april 11, 1856 / |c Marc Edelman | ||
| 260 | |a Nueva York: |b Grove Weidenfeld; |c 1989 | ||
| 300 | |a 32-34 páginas | ||
| 500 | |a Colección Centroamérica | ||
| 520 | |a Traducción al inglés del informe que elaboró el presidente Juan Rafael Mora en torno a la Batalla de Rivas, acaecida en Nicaragua, el 11 de abril de 1856. Dicha batalla fue decisiva en la Campaña Nacional 1856-1857 contra los invasores norteamericanos (filubusteros), que pretendían anexar Centroamérica a los Estados esclavistas del sur. El documento fechado el 15 de abril de 1856, recopila las principales actividades y hechos de la Batalla de Rivas, asimismo informa sobre los oficiales participantes en la gesta y, detalla la situación de las filas combatientes. AB/JM | ||
| 650 | |a HISTORIA |0 TESAUROS | ||
| 650 | |a DOCUMENTOS |0 TESAUROS | ||
| 650 | |a DOCUMENTOS OFICIALES |0 TESAUROS | ||
| 650 | |a DOCUMENTOS PRIMARIOS |0 TESAUROS | ||
| 650 | |a CORRESPONDENCIA |0 TESAUROS | ||
| 700 | |a Kenen, Joanne | ||
| 852 | 1 | 1 | |a 04.03.01 E22c |
| 942 | |2 ddc |c LI |h 04.03.01 E22c |k 04.03.01 |m E22c |6 040301_E22C | ||
| 999 | |c 8424 |d 8424 | ||
| 773 | 0 | |0 43851 |9 5999 |a Edelman, Marc |d Nueva york: Grove Weidenfeld; 1989 |o 09267 |t The Costa Rica Reader / |z 0-8021-1081-9 | |



